000 00294nam a22001337a 4500
008 170601b xxu||||| |||| 00| 0 eng d
020 _a9780534627232
041 _aeng
080 _a93
100 _a17
101 _aSHH
245 _aWESTERN CIVILIZATION
_cSPIELVOGEL, J.J
942 _2udc
_cBK
999 _c15473
_d15473